000 00612nam a2200241 a 4500
001 nice12345678
003 IN_TiNIC
005 20260116013840.0
008 050524s1996 chia grp 000 0 eng
020 _a
_c857.5
082 0 0 _a207.73
_bGIL
100 _aGilpin, W Clark
245 _aPreface to Theology
260 _aChicago
_bUniversity of Chicago Press
_c1996
300 _a211p
500 _aincludes index and biblioraphy
505 2 _aBiographical Notes, Index
650 _aTheology-Study and Teaching
700 1 _aGilpin, W Clark
902 _bSRS
942 _cBK
999 _c12803
_d12803